Handbook of moth-flame optimization algorithm : (Record no. 43875)

MARC details
001 - CONTROL NUMBER
control field 22775589
003 - CONTROL NUMBER IDENTIFIER
control field 0000
005 - DATE AND TIME OF LATEST TRANSACTION
control field 20251017102029.0
006 - FIXED-LENGTH DATA ELEMENTS--ADDITIONAL MATERIAL CHARACTERISTICS--GENERAL INFORMATION
fixed length control field m |o d |
007 - PHYSICAL DESCRIPTION FIXED FIELD--GENERAL INFORMATION
fixed length control field cr_|||||||||||
008 - FIXED-LENGTH DATA ELEMENTS--GENERAL INFORMATION
fixed length control field 220324t20232023flu of 001 0 eng
010 ## - LIBRARY OF CONGRESS CONTROL NUMBER
LC control number 2022014423
020 ## - INTERNATIONAL STANDARD BOOK NUMBER
International Standard Book Number 9781032070926
035 ## - SYSTEM CONTROL NUMBER
System control number 22775589
040 ## - CATALOGING SOURCE
Original cataloging agency DLC
Language of cataloging eng
Transcribing agency DLC
Description conventions rda
Modifying agency DLC
042 ## - AUTHENTICATION CODE
Authentication code pcc
050 00 - LIBRARY OF CONGRESS CALL NUMBER
Classification number QA 76.9 .N37
082 00 - DEWEY DECIMAL CLASSIFICATION NUMBER
Classification number 006.3/82
Edition number 23/eng20220901
100 ## - MAIN ENTRY--PERSONAL NAME
Personal name Mirjalili, Seyedali (editor)
245 00 - TITLE STATEMENT
Title Handbook of moth-flame optimization algorithm :
Remainder of title variants, hybrids, improvements, and applications /
Statement of responsibility, etc edited by Seyedali Mirjalili.
264 #1 - PUBLICATION, DISTRIBUTION, ETC. (IMPRINT)
Place of publication, distribution, etc Boca Raton :
Name of publisher, distributor, etc CRC Press, Taylor & Francis Group,
Date of publication, distribution, etc 2023.
300 ## - PHYSICAL DESCRIPTION
Extent xiv, 331p. ill.
336 ## - CONTENT TYPE
Content type term text
Content type code txt
Source rdacontent
337 ## - MEDIA TYPE
Media type term computer
Media type code c
Source rdamedia
338 ## - CARRIER TYPE
Carrier type term online resource
Carrier type code cr
Source rdacarrier
490 0# - SERIES STATEMENT
Series statement Advances in metaheurists
504 ## - BIBLIOGRAPHY, ETC. NOTE
Bibliography, etc Includes index.
520 ## - SUMMARY, ETC.
Summary, etc "Moth-Flame Optimization algorithm is an emerging meta-heuristic and has been widely used in both science and industry. Solving optimization problem using this algorithm requires addressing a number of challenges including multiple objectives, constraints, binary decision variables, large-scale search space, dynamic objective function, noisy parameters, just to name a few. Handbook of Moth-Flame Optimization Algorithm: Variants, Hybrids, Improvements, and Applications provides an in-depth analysis of this algorithm and the existing methods in the literature to cope with such challenges. Key features: Reviews the literature of the Moth-Flame Optimization algorithm. Provides an in-depth analysis of equations, mathematical models, and mechanisms of the Moth-Flame Optimization algorithm. Proposes different variants of the Moth-Flame Optimization algorithm to solve binary, multi-objective, noisy, dynamic, and combinatorial optimization problems. Demonstrates how to design, develop, and test different hybrids of Moth-Flame Optimization algorithm. Introduces several applications areas of the Moth-Flame Optimization algorithm. This handbook will interest researchers in evolutionary computation, meta-heuristics and to those who are interested in applying Moth-Flame Optimization algorithm and swarm intelligence methods overall to different application areas"--
Assigning source Provided by publisher.
588 ## - SOURCE OF DESCRIPTION NOTE
Source of description note Description based on print version record.
650 #0 - SUBJECT ADDED ENTRY--TOPICAL TERM
Topical term or geographic name as entry element Nature-inspired algorithms.
650 #0 - SUBJECT ADDED ENTRY--TOPICAL TERM
Topical term or geographic name as entry element Artificial intelligence.
700 1# - ADDED ENTRY--PERSONAL NAME
Personal name Mirjalili, Seyedali,
Relator term editor.
776 08 - ADDITIONAL PHYSICAL FORM ENTRY
Relationship information Print version:
Title Handbook of moth-flame optimization algorithm
Edition First edition.
Place, publisher, and date of publication Boca Raton : CRC Press, [2023]
International Standard Book Number 9781032070919
Record control number (DLC) 2022014422
906 ## - LOCAL DATA ELEMENT F, LDF (RLIN)
a 7
b cbc
c orignew
d 1
e ecip
f 20
g y-gencatlg
942 ## - ADDED ENTRY ELEMENTS (KOHA)
Source of classification or shelving scheme Library of Congress Classification
Koha item type Books
Holdings
Withdrawn status Lost status Source of classification or shelving scheme Damaged status Not for loan Permanent Location Current Location Date acquired Total Checkouts Full call number Barcode Date last seen Price effective from Koha item type
    Library of Congress Classification     NILE UNIVERSITY OF NIGERIA - MAIN LIBRARY NILE UNIVERSITY OF NIGERIA - MAIN LIBRARY 10/17/2025   QA 76.9 .N37 2023 0199367 10/17/2025 10/17/2025 Books